000 00466nam a22001817a 4500
003 ost
005 20140310182349.0
008 130928t xxu||||| |||| 00| 0 eng d
020 _a0141308346
050 _aPZ 1
_b.G573 1999
082 _aGS 808.88
_bG55 1999
245 _aGo for it! :
_b seriously cool Puffin stories.
260 _aNew York :
_bPenguin Group,
_cc1999.
300 _a151 p. ;
541 _j1
562 _e1
942 _2lcc
_cBK-GS
999 _c12315
_d12315